Изотопный состав углерода кислот и азотистых оснований нефтей Западной Сибири; Доклады Академии Наук СССР; Т. 252, № 3

Dades bibliogràfiques
Parent link:Доклады Академии Наук СССР: журнал/ Академия наук СССР (АН СССР).— , 1933-1992
Т. 252, № 3.— 1980.— С. 687-689
Autor principal: Вышемирский В. С.
Altres autors: Гончаров И. В. Иван Васильевич, Доильницын Е. Ф.
Idioma:rus
Publicat: 1980
Matèries:
Format: MixedMaterials Capítol de llibre
KOHA link:https://koha.lib.tpu.ru/cgi-bin/koha/opac-detail.pl?biblionumber=489617

MARC

LEADER 00000naa2a2200000 4500
001 489617
005 20240723150659.0
035 |a (RuTPU)RU\TPU\prd\158485 
035 |a RU\TPU\prd\158484 
090 |a 489617 
100 |a 20121112a1980 k y0rusy50 ca 
101 0 |a rus 
102 |a RU 
200 1 |a Изотопный состав углерода кислот и азотистых оснований нефтей Западной Сибири  |f В. С. Вышемирский, И. В. Гончаров, Е. Ф. Доильницын 
320 |a Библиогр.: с. 689 (6 назв.) 
461 0 |0 (RuTPU)RU\TPU\prd\750  |t Доклады Академии Наук СССР  |o журнал  |f Академия наук СССР (АН СССР)  |d 1933-1992 
463 0 |0 (RuTPU)RU\TPU\prd\67861  |t Т. 252, № 3  |v С. 687-689  |d 1980 
610 1 |a труды учёных ТПУ 
700 1 |a Вышемирский  |b В. С. 
701 1 |a Гончаров  |b И. В.  |c геолог  |c профессор Томского политехнического университета, доктор геолого-минералогических наук  |f 1947-  |g Иван Васильевич  |3 (RuTPU)RU\TPU\pers\21956  |4 070  |9 9275 
701 1 |a Доильницын  |b Е. Ф. 
801 1 |a RU  |b 63413507  |c 20121112 
801 2 |a RU  |b 63413507  |c 20121112  |g RCR 
942 |c BK